00272nam a22000977a 4500082001200000100001800012245005000030260003000080300000900110650005500119 a547 BAU aBaum,Stuart.J aExercises in Organic and Biological Chemistry aNew YorkbMacmillanc1972 a228p achemistryachemistry organicabiologicalchemistry